| 000 | 00551cam a22002051 4500 | ||
|---|---|---|---|
| 001 | he 65001136 | ||
| 003 | DLC | ||
| 005 | 20260227111432.0 | ||
| 008 | 940420s1964 is c 000 0 yid | ||
| 010 | _ahe 65001136 | ||
| 025 | _aPL480:Is-588 | ||
| 035 | _a(OCoLC)30303143 | ||
| 040 |
_aDLC _cTxU _dDLC |
||
| 042 | _apremarc | ||
| 050 | 0 | 0 |
_aPJ5129.K245 _bM5 |
| 100 | 1 | _aKahan, Jacob. | |
| 245 | 1 | 3 |
_aDi mishpoḥe Erlikh; _broman _c[fun] Yaʻakov Kahan (Ben Aharon) |
| 260 |
_aTel-Aviv, _bNay-Lebn, _c724, 1964. |
||
| 300 |
_a227 p. _bport. _c24 cm. |
||
| 999 |
_c31265 _d31265 |
||